000 00257nam a2200097Ia 4500
001 644956
005 20250826153614.0
008 250824s9999 xx 000 0 und d
245 0 _aEce Yüce/Ablalar Yaramazlık Yapar mı?
_cGülten Dayıoğlu
260 _bALTIN
999 _c644956
_d644956